000 00592nam a22002177a 4500
003 ITZ
005 20231018160950.0
008 231018b |||||||| |||| 00| 0 spa d
020 _a978-607-438-417-8
035 _a17545
041 _aspa
050 _aHD69.P75
_bT67 2012
082 _a658.404
_bT693a 2012
100 1 _aTorres Hernandez, Zacarias (coord.)
245 _aAdministracion de proyectos
_cZacarias torres Hernandez
250 _a1
260 _aMéxico
_bPatria
_c2012
300 _axll, 629 p,. il. /
_c27 cm.
650 _a1. ADMINISTRACION DE PROYECTOS
942 _cBK
999 _c29162
_d29162